000 00728nam a22002057a 4500
005 20100804110138.0
010 _aENG-98011
020 _a9788178126661
_c240.00
035 _aEN-81544
037 _bDBAD/PUB
082 _a000
100 _aGupta's, R.
_95725
245 _aFCI food corporation of India :
_brecruitment exam /
_cby R. Gupta's
260 _aNew Delhi
_bRamesh Publishing House
_c2010
270 _a12-H, New Daryaganj Road, Opp. Traffic Kotwali
_bNew Delhi
_e110002
300 _aVarious paging ;
_c23cm (pbk)
650 _aCompetitive exam, FCI
_95726
942 _2ddc
_cEN
_h000
_mGUP
999 _c39116
_d39116